000 00885nam a2200229 a 4500
005 20240924070403.0
008 080818s1989 mx r 000 0 spa d
020 _a9681203852
035 _aUPN01000159293
049 _aUNE
080 _a801.5 (09) (72) VAL.
100 1 _aValle, Francisco
245 1 0 _aCuaderno de algunas reglas y apuntes sobre el idioma pame /
_cFrancisco Valle ; presentación de Alfonso Martínez Rosales ; transcripción de Salvador Martínez Rosales.
260 _aMéxico :
_bEl Colegio de México :
_bArchivo Histórico del Estado de San Luis Potos,
_c1989.
300 _a231 p. :
_bil.
440 0 _aCuadernos de trabajo ;
_v1
690 _aGramatica - Mexico
690 _aFilología
_915443
710 2 _aCasa de la Cultura de San Luis Potosí (México
710 2 _aArchivo Histórico del Estado de San Luis Potosí (México)
905 _aUNESCO
999 _c131407
_d131407